Những tác phẩm nỗi tiếng văn học Nga thế kỷ XIX, tập 2

Bewaard in:
Bibliografische gegevens
Formaat: Boek
Gepubliceerd in: 2007
Tags: Voeg label toe
Geen labels, Wees de eerste die dit record labelt!
Thư viện lưu trữ: Mạng thư viện Đại học Đà Nẵng
LEADER 00483nam a22001811a 4500
001 000040751
003 17046
005 20160412023352.0
008 160412s2007 000
082 |a N2374-75 
245 |a Những tác phẩm nỗi tiếng văn học Nga thế kỷ XIX, tập 2  |c Nguyễn Văn Kha 
260 |c 2007 
OWN |a LNN 
999 |a From the UDN01 
TYP |a Monograph 
980 |a Mạng thư viện Đại học Đà Nẵng